=LDR 00000nam 2200000 4500 =001 INLIS000000000032953 =005 20240201101443 =035 ##$$a 0010-061300000032953 =008 240201################g##########0#ind## =041 ##$$a ind =082 ##$$a R.579.203 =090 ##$$a R.579.203, Rah e =100 ##$$a Rahmatia, Diah =245 1#$$a Ensiklopedia IPA BUKU 4 : $b Mikroba /$c Diah Rahmatia, Pipit Pitriana; Editor, Tim Editor Ganeca Exact =260 ##$$a Jakarta :$b Ganeca Exact,$c 2006 =300 ##$$a 29 hlm : $b Ilus ; $c 29 cm =650 #4$$a Mikroba-Ensiklopedi =700 #$$a Pitriana,Pipit =850 ##$$a NBPNMAT =020 ##$$a 979-744-686-7 =084 ##$$a R.579.203 RAH e =990 ##$$a 0001/BPAP-NTB/2015 =990 ##$$a 21003184